000 01151nam a2200325Ia 4500
003 GCL
005 20240530101555.0
008 140319s9999 xx 000 0 ara d
040 _aGCL /
_cGCL
082 0 4 _a614
_bب ت
100 1 _aبراون، ليستر. ر.
245 1 0 _aتقييم عن وضع العالم 1990 STATE OF THE WORLD 1990 /
_cبراون، ليستر. ر. ؛ ترجمة سيد رمضان هدارة
260 _a[S.N] :
_bالجمعية المصرية لنشر المعرفة والثقافةوالعلوم ،
_c1990
300 _a349 ص
490 _aسلسلة كيف تعمل
_v0
650 0 4 _aالبيئة
650 0 4 _aتلوث البيئة
650 0 4 _aالعلم
650 0 4 _aحماية البيئة
650 0 4 _aالسكان
650 0 4 _aالانفجار السكانى
650 0 4 _aالبيئة والانسان
650 0 4 _aالجغرافيا البشرية
650 0 4 _aالبيئة الزراعية
650 0 4 _aالبيئة الحيوية
700 1 _aانور عبدالواحد
700 1 _aشويكار ذكى
700 1 _aانجى زين العابدين
942 _2ddc
_cBK
999 _c26948
_d26948